banner-ar

مسجد المحضار : بتريم حضر موت القرن 9 هـ - 15 م : (Record no. 66653)

MARC details
000 -الفاتح
حقل البيانات ثابتة الطول 00782nam a22001937a 4500
005 - وقت وتاريخ اخر تعامل مع التسجيلة
رقم الضبط 20240530110931.0
008 - عناصر البيانات ثابتة الطول - معلومات عامة
حقل البيانات ثابتة الطول 220214s2007 ua a g 000 0 ara d
017 ## - رقم الايداع القانونى
المصدر ( الهيئة المختصة) مصر. دار الكتب
رقم الايداع القانونى 2007/336
040 ## - مصدر الفهرسة
وكالة الفهرسة الأصلية EG-CaGPL
وكالة النسخ EG-CaGPL
082 04 - رقم تصنيف ديوى العشرى
رقم الطبعة 21
رقم التصنيف 915.32\
رقم المادة ح م
100 0# - المدخل الرئيسى - إسم شخصى
الإسم الشخصى حسين ابوبكر العيدروس
245 10 - بيان العنوان
العنوان مسجد المحضار : بتريم حضر موت القرن 9 هـ - 15 م :
بقية العنوان دراسة اثرية - تاريخية - معمارية - فنية /
بيان المسئوليه,etc حسين ابوبكر العيدروس
250 ## - بيان الطبعة
بيان الطبعة ط. 1
260 ## - PUBLICATION, DISTRIBUTION, ETC. (IMPRINT)
تاريخ النشر أو التوزيع 2007
300 ## - الوصف المادى
التعداد 307 ص. ؛
أبعاد الوعاء 24 سم
650 07 - المدخل الاضافى بالموضوع-مصطلح موضوعى
مصدر الرأس أو المصطلح qrmak
مصطلح موضوعي مسجد المحضار
942 ## - عناصر المدخل الإضافي( كوها)
مصدر التصنيف او مخطط الترفيف Dewey Decimal Classification
Koha [default] item type كتاب
260 ## - PUBLICATION, DISTRIBUTION, ETC. (IMPRINT)
-- صنعاء :
-- تريم للدراسات والنشر،
Holdings
حالة التراجع حالة الفقد حالة تلف ليس للاعارة المكان المؤقت الموقع الحالى تاريخ الاكتساب اجمالي اﻻعارات رقم الطلب الباركود تاريخ اخر مشاهدة تاريخ تفعيل السعر نوع وعاء كوها
        مكتبة القاهرة الكبرى مكتبة القاهرة الكبرى 09/04/2022   915.32\ح م 168388 09/04/2022 09/04/2022 كتاب

Powered By

EGPV